Central Library OPAC University of Rajshahi

Port of seven strangers / (Record no. 64998)

MARC details
000 -LEADER
fixed length control field 00739cam a22002291 4500
001 - CONTROL NUMBER
control field 64998
003 - CONTROL NUMBER IDENTIFIER
rucl marc code BD-RjUL
005 - DATE AND TIME OF LATEST TRANSACTION
control field 20211209081357.0
008 - FIXED-LENGTH DATA ELEMENTS--GENERAL INFORMATION
fixed length control field 170226s1945 nyu 000 1 eng d
035 ## - SYSTEM CONTROL NUMBER
System control number (BD-RjUL) 65128
040 ## - CATALOGING SOURCE
Original cataloging agency DLC
Transcribing agency BD-RjUL
Modifying agency BD-RjUL
Language of cataloging eng
041 ## - LANGUAGE CODE
Language code of text/sound track or separate title eng
082 ## - DEWEY DECIMAL CLASSIFICATION NUMBER
Edition number 23
Classification number 813
Author mark and year KNP 1945
100 1# - MAIN ENTRY--PERSONAL NAME
Personal name Knight, Kathleen Moore.
9 (RLIN) 192674
245 10 - TITLE STATEMENT
Title Port of seven strangers /
Statement of responsibility, etc. by Kathleen Moore Knight.
260 ## - PUBLICATION, DISTRIBUTION, ETC. (IMPRINT)
Place of publication, distribution, etc. Garden City,
-- New York,
Name of publisher, distributor, etc. Pub. for the Crime Club by Doubleday, Doran & Co., inc.,
Date of publication, distribution, etc. c1945.
300 ## - PHYSICAL DESCRIPTION
Pagination 164p. ;
Size 20 cm.
650 ## - SUBJECT ADDED ENTRY--TOPICAL TERM
Topical term or geographic name as entry element American Fiction
General subdivision English
9 (RLIN) 192675
942 ## - ADDED ENTRY ELEMENTS (KOHA)
Source of classification or shelving scheme Dewey Decimal Classification
Koha item type Books
Holdings
Lost status Source of classification or shelving scheme Damaged status Not for loan Collection code Permanent Location Current Location Shelving location Date acquired Source of acquisition Total Checkouts Full call number Date last seen Copy number Koha item type
  Dewey Decimal Classification   Not For Loan Fiction Central Library, University of Rajshahi Central Library, University of Rajshahi Reading Room 10/08/1965 U.S.I.S   813 KNP 1945 26/02/2017 C-1 Books